000 00351nam a2200145Ia 4500
008 230312s9999||||xx |||||||||||||| ||und||
020 _a0-534-38367-x
082 _a658.403
_bWIN-D
100 _aKeiser;Gerd
245 0 _aOptical Fiber Communications
260 _bThomson
_aUSA
_c2003
300 _a997
650 _aComputer
_vComputer
942 _cBK
999 _c15590
_d15590